000 00309nam a2200121Ia 4500
005 20260328101440.0
008 260328s9999||||xx |||||||||||||| ||und||
100 _aSpencer, Herbert
245 0 _aBarbican reDevelopment 1959 /
_cHerbert Spencer
260 _bBolton
650 _aARQUITECTURA CIVIL
942 _cBK
999 _c8227
_d8227